000 02114nam0a2200373 4500
001 RU\NLR\BIBL_A\022634578
005 20260116160248.0
010 _a978-5-91121-432-6
_9100
021 _aRU
_bАЛ-П-25-00574и
_9АЛ-П-25-0119
035 _a(NLR Aleph) 022634578
090 _a13532867
_c13532867
100 _a20251001d2023 u y0rusy50 ca
101 0 _arus
_abua
102 _aRU
105 _aac z 000yy
181 0 _ab3
_bxb2e
181 0 _ai2
_baxxe
182 0 _an
200 1 _aХангай Саяанай хормойдо
_dУ подножия Саянских гор
_eфотоальбом
_fсоставитель Шобоева Э. А.
_gфотографы Шобоев Б. А. [и др.]
_zbua
203 _aИзображение
_aТекст
_bвизуальные
_cнепосредственные
210 _aУлан-Удэ
_c[б. и.]
_d2023
215 _a79, [1] с.
_cцв. ил., портр.
_d30
300 _aТекст рус., бурят.
330 _aКультурно-просветительский проект "У подножия Саянских гор" по созданию видеофильма реализован в рамках гранта Президента Российской Федерации для поддержки творческих проектов общенационального значения в области культуры и искусства. Участники проекта-фольклорные коллективы Тункинского района Республики Бурятия, родовые и семейные кланы, проживающие в предгорьях Саян.
510 1 _aУ подножия Саянских гор
_zrus
606 1 _aОбычаи и обряды бурятские
_jАльбомы
_2nlr_sh1
_2nlr_sh2
_3RU\NLR\AUTH\661359041
686 1 _aТ52(251.7=Бу)-524.1я6
702 1 _aШобоева
_bЭ. А.
_4220
702 1 _aШобоев
_bБ. А.
_4600
852 _aNLR
_bОНЛ
_jБур./5-87
942 _cBOOK
980 _aNB